Score 0/24 Timer 04:00
2 Plays Today
Song Title (Album) Missing Word % Correct
____ Stop Thinking About You
(Extra Texture (Read All About It))
Can't
97.4%
Behind That Locked ____
(All Things Must Pass)
Door
97.3%
That's the Way It ____
(Gone Troppo)
Goes
95.1%
Here Comes the ___
(Abbey Road)
Sun
94.1%
All Those _____ Ago
(Somewhere in England)
Years
93.9%
___ Zag
(Cloud Nine)
Zig
93.4%
____ as a Bird
(Anthology 1)
Free
92%
______ with Care
(Traveling Wilburys Vol. 1)
Handle
90.2%
While My Guitar Gently _____
(The Beatles (White Album))
Weeps
90.2%
Baby Don't ___ Away
(Gone Troppo)
Run
86.6%
It's ___ Too Much
(Yellow Submarine)
All
85.3%
___ of the Line
(Traveling Wilburys Vol. 1)
End
83.3%
Song Title (Album) Missing Word % Correct
_____ the Mersey Wall
(Electronic Sound)
Under
80.6%
My Sweet ____
(All Things Must Pass)
Lord
79%
_____ Get Over You
(Brainwashed)
Never
76.5%
Blue ___ Way
(Magical Mystery Tour)
Jay
76.4%
I Me ____
(Let It Be)
Mine
73.7%
______ Out
(Traveling Wilburys Vol. 3)
Inside
72.1%
____ a Northern Song
(Yellow Submarine)
Only
52.4%
______ Desh
(All Things Must Pass)
Bangla
51.9%
Savoy _______
(The Beatles (White Album))
Truffle
36.4%
It Is 'He' (Jai Sri _______)
(Dark Horse)
Krishna
24.6%
____ Me In
(All Things Must Pass)
Plug
9.3%
P2 _______ Blues (Last Saturday Night)
(Brainwashed)
Vatican
8.7%

Today's Daily Dose

Word Ladder
I Have a Dream

Get the Picture
January Holidays

Remove Ads.
Support Sporcle.
Get the best of Sporcle when you Go Orange. This ad-free experience offers more features, more stats, and more fun while also helping to support Sporcle. Thank you for becoming a member.

You're not logged in!

Compare scores with friends on all Sporcle quizzes.
OR
Log In

Show Comments

Extras

Top Quizzes Today


Score Distribution

Your Account Isn't Verified!

In order to create a playlist on Sporcle, you need to verify the email address you used during registration. Go to your Sporcle Settings to finish the process.

Report this User

Report this user for behavior that violates our Community Guidelines.

Details: